Las fincas en la región Huétar Norte: una evaluación de las condiciones actuales de las fincas de las familias campesinas /

Uloženo v:
Podrobná bibliografie
Hlavní autor: Faure, Guy
Médium: Text
Vydáno: Lara Segura y Asociado San José, Costa Rica:
Tagy: Přidat tag
Žádné tagy, Buďte první, kdo vytvoří štítek k tomuto záznamu!

MARC

LEADER 00000 a a2200000 04500
001 46428
003
040
090 |a 07.01.01 S192t  
100 |a Faure, Guy  
245 |a Las fincas en la región Huétar Norte:   |b una evaluación de las condiciones actuales de las fincas de las familias campesinas /  |c Guy Faure  
260 |b Lara Segura y Asociado   |b San José, Costa Rica:  
773 |g páginas 79-92  
999 |c 29458  |d 29458